Interfaces <the> bulletin of The Institute of Management Sciences

Na minha lista:
Detalhes bibliográficos
Formato: Periódico
Idioma:inglês
Publicado em: Providence Institute of Management Sciences
Assuntos:
Tags: Adicionar Tag
Sem tags, seja o primeiro a adicionar uma tag!

MARC

LEADER 00000nas1a22000001 4500
001 s120480
005 20250728134446.1
041 0 |a eng 
044 |a US 
245 1 0 |a Interfaces  |b <the> bulletin of The Institute of Management Sciences 
264 1 |a Providence  |b Institute of Management Sciences 
610 2 0 |a veda o riadení